01406nam a2200337 a 4500001001100000003000800011006001900019007001500038008004100053010001700094020001500111040002100126035002000147050002500167082001800192100005100210245013200261260005100393300002200444504006400466533015200530650003600682650001900718650004300737651005100780651004700831655002900878710001700907856012500924999001901049ebr2003898CaPaEBRm u cr cn|||||||||931020s1994 enka sbs 001 0 eng  z 93041630  z041509772X aCaPaEBRcCaPaEBR a(OCoLC)4978859214aHG939.5b.S34 1994eb04a332.4/9412201 aSchenk, Catherine R.q(Catherine Ruth),d1964-10aBritain and the sterling areah[electronic resource] :bfrom devaluation to convertibility in the 1950s /cCatherine R. Schenk. aLondon ;aNew York :bRoutledge :bLSE,c1994. ax, 165 p. :bill. aIncludes bibliographical references (p. 153-161) and index. aElectronic reproduction.bPalo Alto, Calif. :cebrary,d2013.nAvailable via World Wide Web.nAccess may be limited to ebrary affiliated libraries. 0aMonetary policyzGreat Britain. 0aSterling area. 0aForeign exchange rateszGreat Britain. 0aGreat BritainxEconomic conditionsy1945-1964. 0aGreat BritainxForeign economic relations. 7aElectronic books.2local2 aebrary, Inc.40uhttp://site.ebrary.com/lib/rucke/Doc?id=2003898zAn electronic book accessible through the World Wide Web; click to view c123640d123640